| 000 | 00409nam a2200157Ia 4500 | ||
|---|---|---|---|
| 008 | 231217s9999 xx 000 0 und d | ||
| 041 | _aEnglish | ||
| 082 | _a001.6424OFF COU | ||
| 100 | _aCourter, Gini. Marquis, Annette. | ||
| 245 | 0 | _aMicrosoft office 97: No experience required | |
| 250 | _a1st ed. | ||
| 260 |
_c1997 _bNew Delhi : BPB, |
||
| 300 | _axxi+679 | ||
| 650 | _aOffice 97 | ||
| 942 | _cAA | ||
| 999 |
_c165295 _d165295 |
||